000 01654cam a22004574i 4500
003 PE-LiUPU
005 20250731172948.0
008 150623s r 000 0 d
020 _a0865545340
035 _a(Sirsi) i9780865545342
040 _aPE-LiUPU
_bspa
_cPE-LiUPU
_erda
049 _aPRUA
082 0 4 _a224.8066
_bW32
_221
100 1 _aWatts, John D. W.,
_eautor.
245 1 0 _aVision and prophecy in Amos /
_cJohn D. W. Watts.
264 1 _aGeorgia :
_bMercer University Press,
_c1997.
300 _a144 páginas ;
_c23 centímetros
336 _atext
_2rdacontent
337 _aunmediated
_2rdamedia
338 _avolume
_2rdacarrier
504 _aIncluye bibliografía.
505 0 _aThe origin of the book of Amos. -An Old Hymn preserved in the book of Amos. -What kind of prophet was Amos?. -Vision and Oracle in Amos. -Amos's eschatology. -Amos - the man and his message. -Amos: Across fifty years of study. -Prophetic genre.
526 _aSEG42
526 _aSEG41
526 _aSEG40
526 _aSEG39
526 _aP94
526 _aP87
526 _aP86
526 _aP85
526 _aP77
526 _aP76
526 _aP35
630 _aBiblia.
_pA.T.
_pAmós
_xComentarios.
942 _2ddc
_cBOOK
949 _a224.8066 W32
_wDEWEY
_c1
_i44818
_lCCODEBUL1
_mBUL
_r0
_sY
_tBOOK
_u2015-6-24
_xTEOLOGIA
_PP35
_0COMPRA
_o.STAFF. Colección General
994 _aC0
_bPEPRU
596 _a1
999 _a224.8066 W32
_wDEWEY
_c21688
_i44818
_d21688
_f2021-11-11
_g5
_lCCODEBUL1
_mBUL
_q1
_r0
_sY
_tBOOK
_u2015-6-24
_xTEOLOGIA
_PP35
_0COMPRA
_o.STAFF. Colección General
980 _81
_gALBERTO SANCHEZ Responsable de Automatización